Từ cuộc vận động dân chủ hóa nhà trường đến quy chế thực hiện dân chủ trong hoạt động của nhà trường tại các trường đại học nước ta /
Sparad:
| Huvudupphovsman: | |
|---|---|
| Materialtyp: | Artikel |
| Språk: | Vietnamese |
| Ämnen: | |
| Taggar: |
Lägg till en tagg
Inga taggar, Lägg till första taggen!
|
| Thư viện lưu trữ: | Thư viện Trường Đại học Đà Lạt |
|---|
| LEADER | 00896nam a2200265 4500 | ||
|---|---|---|---|
| 001 | DLU090085476 | ||
| 005 | ##20091204 | ||
| 040 | # | # | |a DLU |b vie |
| 041 | # | # | |a vie |
| 044 | # | # | |a vn |
| 100 | # | # | |a Đồng Văn Quân, |c ThS. |
| 245 | # | # | |a Từ cuộc vận động dân chủ hóa nhà trường đến quy chế thực hiện dân chủ trong hoạt động của nhà trường tại các trường đại học nước ta / |c Đồng Văn Quân. |
| 653 | # | # | |a Dân Chủ |
| 653 | # | # | |a Quải lí giáo dục |
| 653 | # | # | |a Qui chế dân chủ |
| 773 | # | # | |t Tạp chí giáo dục |g Số 4(187), 2008, tr. 4-6 |
| 920 | # | # | |a Phòng Tạp chí -- Trung tâm Thông tin - Thư viện Trường Đại học Đà Lạt |
| 994 | # | # | |a DLU |
| 900 | # | # | |a True |
| 911 | # | # | |a Nguyễn Thị Linh Chi |
| 925 | # | # | |a G |
| 926 | # | # | |a A |
| 927 | # | # | |a BB |
| 980 | # | # | |a Thư viện Trường Đại học Đà Lạt |